000
00289nam a2200097Ia 4500
008
231107s2011 xx 000 0 und d
041
_a
eng
100
_a
Julian Fernando
245
_a
Sketching & Rendering : Techniques for Product Designers
260
_a
Singapore
_b
Basheer Graphic Book
_c
2011
999
_c
928678
_d
928678